Prístupy k analýze vplyvu regulačných opatrení pri ochrane životného prostredia
Efektívnosť finančných zdrojov vložených do ochrany životného prostredia. Analýza nákladov na zníženie zaťaženia životného prostredia. Kvantifikácia efektov zo zníženia zaťaženia životného prostredia. Metódy na meranie efektov zo zníženia zaťaženia životného prostredia.
Salvato in:
| Autore principale: | |
|---|---|
| Natura: | Capitolo di libro |
| Lingua: | slovacco |
| Soggetti: | |
| Tags: |
Nessun Tag, puoi essere il primo ad aggiungerne!!
|
MARC
| LEADER | 00000naa a2200000 4500 | ||
|---|---|---|---|
| 001 | r030793 | ||
| 005 | 20230921124325.3 | ||
| 041 | 0 | |a slo | |
| 044 | |a SK | ||
| 245 | 1 | 0 | |a Prístupy k analýze vplyvu regulačných opatrení pri ochrane životného prostredia |c Eva Romančíková |
| 520 | |a Efektívnosť finančných zdrojov vložených do ochrany životného prostredia. Analýza nákladov na zníženie zaťaženia životného prostredia. Kvantifikácia efektov zo zníženia zaťaženia životného prostredia. Metódy na meranie efektov zo zníženia zaťaženia životného prostredia. | ||
| 610 | 2 | 0 | |a prostredie životné |
| 610 | 2 | 0 | |a opatrenia |
| 610 | 2 | 0 | |a regulácia |
| 610 | 2 | 0 | |a analýza nákladov |
| 610 | 2 | 0 | |a metodológia |
| 610 | 2 | 0 | |a informácie |
| 100 | 1 | |a Romančíková, Eva | |